Statistics for French - Weather

Click here to take the quiz!

General Stats

  • This quiz has been taken 279 times
  • The average score is 13 of 22

Answer Stats

FrenchEnglish% Correct
ChaudHot
89%
FroidCold
89%
TempératureTemperature
87%
ClimatClimate
85%
HumideHumid
83%
SoleilSun
83%
NeigeSnow
82%
PluieRain
81%
VentWind
74%
TempsWeather
69%
GlaceIce
59%
NuageCloud
59%
NuageuxCloudy
50%
BrouillardFog
47%
OrageStorm
42%
OrageuxStormy
41%
EnsoleilléSunny
34%
TonnerreThunder
32%
TempêteStorm
26%
MétéoWeather Forecast
23%
CouvertOvercast
15%
ÉclaircieSunny Spell
3%

Score Distribution

Percentile by Number Answered

Percent of People with Each Score

Your Score History

You have not taken this quiz